000 00306nam a2200133Ia 4500
008 240703s9999 xx 000 0 und d
041 _aeng
100 _aElkin
245 _aStress Management For Dummie
260 _bWiley India
365 _cRS.
_b 399.00
906 _b35
999 _c41105
_d41105